000 00876nac a22002777a 4500
001 BR0602060
003 BR-BrBNA
005 20240105123318.0
008 230509b bl.|||m| |||| 00| 0 por d
040 _aBR-BrBNA
_bpor
_cBiblioteca Nacional de Agricultura
072 _aF03
090 _a3575 BR0602060
100 1 _aFowler, J.A.P.
100 1 _aCarpanezzi, A.A.
110 1 _aCentro Nacional de Pesquisa de Florestas, Colombo, PR (Brasil)
245 1 _aTratamentos pré-germinativos para sementes de juqueri
260 3 _aColombo, PR (Brasil):
_c1997.
300 _a2 p.
490 _aComunicado Técnico - Centro Nacional de Pesquisa de Florestas (Brazil)
_vno. 13
_xISSN 0104-5911
650 _aARBUSTO
650 _aSEMENTE
650 _aGERMINAÇÃO
650 _aTRATAMENTO
909 _a202312
_bLúcia Elande
_c55
_dLúcia Elande
942 _2AGRIS
_n0
_cMS
999 _c294903
_d294903